000
00342nam a22001457a 4500
008
210312b ||||| |||| 00| 0 eng d
020
_a
9780669471861
041
_a
eng
080
_a
37
082
_a
37
100
_a
37
101
_a
25
245
_a
Writers INC- Astudent Handbook for Writing and Learning
_c
Sebranek,P
942
_2
udc
_c
BK
999
_c
56561
_d
56561